LEADER 01602nam a2200325 a 4500 001 000000106197 003 CaOOAMICUS 005 20140211134405.0 008 070710s1985 it u000 u ita r 020 $a88-7030-465-5 040 $aPUL$bita 245 00$aJacques Maritain e il pensiero contemporaneo :$bil destino dell'uomo e l'esigenza della verità /$cS. Agostinis ... [et al.] ; a cura e con introduzione di M. L. Buscemi e R. P. Rizzuto. 260 $aMilano :$bMassimo,$cc1985. 300 $a255 p. ;$c20 cm. 490 1 $aProblemi del nostro tempo ;$v65 600 14$aMaritain, Jacques,$d1882-1973$xPensiero politico e sociale.$0(OLS)http://pul/subject/11927 700 1 $aAgostinis, Sergio.$0(OLS)http://pul/name/44377 700 1 $aBuscemi, Maria Luisa.$0(OLS)http://pul/name/65203 700 1 $aRizzuto, Rosalba Patrizia.$0(OLS)http://pul/name/65204 830 0$aProblemi del nostro tempo ;$v65.$0(OLS)http://pul/title/927 850 $aPUL 852 $aPUL$W1$xSL Filosofia 1$y2$m97 G 33$j129999$qStampati$B129073$CPULBib$Z2$F129073 $H55546 $82 852 $aPUL$W1$xDP1 Fondo E. Rossi$y115$m5 A 74$j158294$a2. copia$qFondi$B157762$CPULBib$Z2$F157762 $82 941 1 $a8 941 1 $a1 961 $aSul dorso collocazione ms. di E. Rossi: MM 18 996 $6020$a88-7030-465-5$9(OLS)http://pul/number/135203 996 $6245$aJacques Maritain e il pensiero contemporaneo :$bil destino dell'uomo e l'esigenza della verità$9(OLS)http://pul/title/133739 996 $6260$aMilano :$bMassimo$9(OLS)http://pul/publisher/48143 LEADER 02026nam a2200397 a 4500 001 000000130581 003 CaOOAMICUS 005 20121002133406.0 008 121002s2012 gw daec 001 u eng r 020 $a978-3-7278-1719-9 (Academic Press) 020 $a978-3-525-54378-8 (Vandenhoeck & Ruprecht) 040 $aPUL$bita 041 0 $aeng$ager$aheb 082 04$a220.05 245 00$aAll the wisdom of the East :$bstudies in Near Eastern archaeology and history in honor of Eliezer D. Oren /$cedited by Mayer Gruber ... [et al.]. 260 $aFribourg :$bAcademic Press ;$aGöttingen :$bVandenhoeck & Ruprecht,$cİ2012. 300 $aXXVII, 475, 85* p. :$bgrafici, ill., piante, ritr. ;$c24 cm. 490 1 $aOrbis biblicus et orientalis ;$v255 504 $aBibliografia alla fine dei contributi. 546 $aContributi in inglese, tedesco, ebraico, con abstract in inglese. 600 14$aOren, Eliezer D.,$d1938-$0(OLS)http://pul/subject/39021 650 4$aArcheologia$zMedio Oriente.$0(OLS)http://pul/subject/29683 651 4$aOriente$xAntichità.$0(OLS)http://pul/subject/17146 700 1 $aGruber, Mayer I.$0(OLS)http://pul/name/9304 830 0$aOrbis biblicus et orientalis ;$v255.$0(OLS)http://pul/title/14045 850 $aPUL 852 $aPUL$W1$xSL Religione 3$y85$m220. 05 COLL 1.255$j151034$qDDC 21$B149726$CPULBib$Z2$F149726 $H120899 $82 941 1 $a9 983 0$aOBO. 996 $6020$a978-3-7278-1719-9 (Academic Press)$9(OLS)http://pul/number/150651 996 $6020$a978-3-525-54378-8 (Vandenhoeck & Ruprecht)$9(OLS)http://pul/number/150652 996 $6082$a220.05$9(OLS)http://pul/classification/282 996 $6245$aAll the wisdom of the East :$bstudies in Near Eastern archaeology and history in honor of Eliezer D. Oren$9(OLS)http://pul/title/165040 996 $6260$aFribourg :$bAcademic Press$9(OLS)http://pul/publisher/75910 996 $6260$aGöttingen :$bVandenhoeck & Ruprecht$9(OLS)http://pul/publisher/47973